000 01064cam a2200265 4500
999 _c129204
_d129204
001 2271048
003 ARRUPE
005 20190314093404.0
008 811217s1978 enk 000 0 eng
010 _a 78325961
040 _aDLC
_cDLC
_dDLC
041 0 _aenglat
050 0 0 _aBX2015.25
_b.O65
082 0 0 _a264/.023
_220
110 2 _aCatholic Church.
_kLiturgy and ritual.
_945223
245 1 4 _aThe order of Mass in Latin and English.
260 _aLondon :
_bCatholic Truth Society,
_c1978.
300 _a57 p. ;
_c15 cm.
350 _a£0.25
500 _aOn cover: D506.
500 _aFor lay use. Contains the spoken parts only, with simplified rubrics in English, of the Ordo Missae cum populo of 1969, with corresponding English version used in the United Kingdom and Ireland. In both texts, the Prefaces are omitted.
650 _aLord's supper
_xlatin/English
_945224
906 _a7
_bcbc
_corignew
_d1
_encip
_f19
_gy-gencatlg
942 _2lcc
_cMONOGRAPH